00361nam a2200133Ia 4500008004100000024001700041082001800058100002700076245002200103260002600125600002100151650003800172999001700210260210s9999 xx 000 0 und d a00A-61-BCS-3 a004.67072 RIZ aRizwan Hussain Qureshi 0aProject Submitter aKarachi:bUITU,c2000 aComputer Science aBachelor of Computer Science (BS) c31744d31744